লোডিং...

South Indian Shrines

গ্রন্থ-পঞ্জীর বিবরন
প্রধান লেখক: Ayyar Jagadisa P V
বিন্যাস: Printed Book
প্রকাশিত: Delhi: Asian educational service.
বিষয়গুলি:
LEADER 00434nam a22001214a 4500
082 |a 291.359548 
100 |a Ayyar Jagadisa P V , 
260 |a Delhi:  |b Asian educational service. 
650 |a South Indian Shrines 
245 |a South Indian Shrines  |c by P V Jagadisa Ayyar 
942 |c BK 
999 |c 248004  |d 248004 
952 |0 0  |1 0  |4 0  |6 291_359548000000000_AYY  |7 0  |8 G  |9 263357  |a HIS  |b HIS  |d 2020-01-04  |l 0  |o 291.359548 AYY  |p HIS8655  |r 2020-01-04  |t 1  |w 2020-01-04  |y BK